Sports Quiz

Random Sports or NCAA Quiz
Score 0/15 Timer 15:00
0 Plays Today
15 names Only last names necessary % Correct
?Chalmers
95.3%
?Manning
93%
?Rush
88.3%
?Arthur
77.8%
?Robinson
77.8%
?Jackson
76%
?Lovellette
52%
?Pritchard
42.1%
15 names Only last names necessary % Correct
?Piper
38.6%
?Newton
34.5%
?Gueldner
26.3%
?Kelley
14%
?Hoag
8.2%
?Lienhard
5.3%
?Kenney
4.7%
Remove Ads.
Support Sporcle.
Get the best of Sporcle when you Go Orange. This ad-free experience offers more features, more stats, and more fun while also helping to support Sporcle. Thank you for becoming a member.

You're not logged in!

Compare scores with friends on all Sporcle quizzes.
OR
Log In

Show Comments

Extras

Top Quizzes Today


Score Distribution

Your Account Isn't Verified!

In order to create a playlist on Sporcle, you need to verify the email address you used during registration. Go to your Sporcle Settings to finish the process.

Report this User

Report this user for behavior that violates our Community Guidelines.

Details: